|
|
|
|
| LEADER |
01380cam a2200289 i 4500 |
| 001 |
4645548 |
| 003 |
GR-PaULI |
| 005 |
20241108063404.0 |
| 008 |
790813s1979 gw a b 100 0 eng |
| 952 |
|
|
|0 0
|1 0
|2 ddc
|4 0
|6 Π_Σ_514_200000000000000_ALG
|7 0
|8 NFIC
|9 230215
|a LISP
|b LISP
|c REF
|d 2019-02-20
|i 139309
|l 0
|o Π/Σ 514.2 ALG
|p 025000044034
|r 2019-02-20 00:00:00
|t 1
|v 2019.00
|w 2019-02-20
|y BK15
|
| 999 |
|
|
|c 139808
|d 139808
|
| 010 |
|
|
|a 79020052
|
| 020 |
|
|
|a 3540095454
|
| 020 |
|
|
|a 0387095454
|
| 040 |
|
|
|a DLC
|c GR-PaULI
|d
|b gre
|e AACR2
|
| 082 |
0 |
3 |
|a 514.2
|2 23
|
| 245 |
0 |
0 |
|a Algebraic topology, Waterloo 1978 :
|b proceedings of a conference /
|c sponsored by the Canadian Mathematical Society, NSERC (Canada), and the University of Waterloo, June 1978 ; edited by Peter Hoffman and Victor Snaith.
|
| 260 |
|
|
|a Berlin ;
|a New York :
|b Springer-Verlag,
|c 1979.
|
| 300 |
|
|
|a xi, 654 σ. :
|b εικ. ;
|c 25 εκ.
|
| 490 |
1 |
|
|a Lecture notes in mathematics
|v 741.
|
| 504 |
|
|
|a Περιλαμβάνει βιβλιογραφία.
|
| 650 |
|
4 |
|a Αλγεβρική τοπολογία
|9 14
|
| 700 |
1 |
|
|a Hoffman, P. N.
|q (Peter Norman),
|d 1941-
|9 40471
|e επιμελητής.
|
| 700 |
1 |
|
|a Snaith, Victor P.
|q (Victor Percy),
|d 1944-
|9 174091
|e επιμελητής.
|
| 830 |
|
0 |
|a Lecture notes in mathematics (Springer-Verlag)
|v 741.
|9 161263
|
| 942 |
|
|
|2 ddc
|c BKN
|
| 998 |
|
|
|c ΜΠΟΥΡΑΣ
|d 2019-01
|